Stargate:SG-1 Trivia Quiz Stats

 Plays Quiz not verified by Sporcle

Support Sporcle.
Go Orange.
Score 0/15 Timer 15:00
0 Plays Today
Hint 1 Answer % Correct
Civilian ArchaeologistDaniel Jackson
98.1%
JaffaTeal'c
96.6%
Airforce ColonelJack O'Neill
93.7%
Airforce MajorSamntha Carter
93.4%
Airforce GeneralGeorge Hammond
93.4%
Supreme CommanderThor
90.3%
Alien Con ArtistVala Mal Doran
77.4%
Airforce GeneralHank Landry
76.8%
Hint 1 Answer % Correct
System LordApophis
76.5%
System LordBa'al
74.6%
Alien ScientistJonas Quinn
66.5%
RaceNox
60.5%
OrisiAdria
57.1%
Stun WeaponZat'nik'tel
54.5%
RaceTollan
35.7%

You're not logged in!

Compare scores with friends on all Sporcle quizzes.
OR
Log In

From the Vault

Movie Cast Match

by theshliz

It's good to get to know your movie casts on a first name basis.
Remove Ads.
Support Sporcle.
Get the best of Sporcle when you Go Orange. This ad-free experience offers more features, more stats, and more fun while also helping to support Sporcle. Thank you for becoming a member.

Show Comments

Extras

Created Oct 17, 2013ReportNominate
Tags:stargate, Stargate SG-1

Top Quizzes Today


Score Distribution

Your Account Isn't Verified!

In order to create a playlist on Sporcle, you need to verify the email address you used during registration. Go to your Sporcle Settings to finish the process.

Report this User

Report this user for behavior that violates our Community Guidelines.

Details: